Normal view
MARC view
Entry Personal Name
001 - CONTROL NUMBER
- control field: 85996
003 - CONTROL NUMBER IDENTIFIER
- control field: dpl
005 - DATE AND TIME OF LATEST TRANSACTION
- control field: 20251210113913.0
008 - FIXED-LENGTH DATA ELEMENTS
- fixed length control field: 251210|| aca||aabn | a|a d
040 ## - CATALOGING SOURCE
- Original cataloging agency: dpl
- Transcribing agency: dpl
100 ## - HEADING--PERSONAL NAME
- Personal name: नेगी, सूरज सिंह
670 ## - SOURCE DATA FOUND
- Source citation: Work cat.: (dpl)209929: नेगी, सूरज सिंह, मेरी ईजा/, 2023
